000 00362nam a2200133Ia 4500
008 240624s9999 xx 000 0 und d
041 _aeng
082 _a332.4 CAS
100 _aCASTRONOVA EDWARD
245 _aWILDCAT CURRENCY HOW THE MONEY REVOLUTIO
260 _c2014
_aLondon
_bYale University Press
300 _axxii, : 265 : p. : cm. ; 24
365 _c
_b38
999 _c28418
_d28418